[Event "Mittelfrankenliga-B1 0708"]
[Site "Mittelfranken"]
[Date "2008.04.27"]
[Round "9.8"]
[White "Hamelis, Boris"]
[Black "Seeger, Peter"]
[Result "0-1"]
[WhiteElo "1726"]
[BlackElo "2039"]
[PlyCount "62"]
[EventDate "2007.10.14"]
[EventType "team-tourn"]
[EventRounds "9"]
[EventCountry "GER"]
[SourceTitle "EXT 2011"]
[Source "ChessBase"]
[SourceDate "2010.11.26"]
[SourceVersion "1"]
[SourceVersionDate "2010.11.26"]
[SourceQuality "1"]
[WhiteTeam "Fuerth SZ"]
[BlackTeam "Nuernberg NT III"]
[WhiteTeamCountry "GER"]
[BlackTeamCountry "GER"]

1. d4 Nf6 2. Nf3 c5 3. c3 e6 4. Bg5 d5 5. Nbd2 Be7 6. e3 Nbd7 7. Bb5 0-0 8. 0-0 h6 9. Bh4 Qb6 10. Bxd7 Bxd7 11. Qb3 Qxb3 12. axb3 cxd4 13. exd4 Rfc8 14. Ne5 Be8 15. h3 g5 16. Bg3 Nd7 17. b4 b6 18. Ng4 f5 19. Ne5 f4 20. Bh2 Nxe5 21. dxe5 a5 22. bxa5 bxa5 23. g3 fxg3 24. Bxg3 a4 25. Rfc1 Rab8 26. Rab1 Bg6 27. Ra1 Rxb2 28. Nf3 a3 29. Nd4 Kf7 30. f4 Be4 31. fxg5 Rg2+ 0-1